000 00943nas a2200301 4500
001 BR2011008265
003 BR-BrBNA
005 20231205115854.0
007 ta
008 230509b bl.|||p| |||| 00| 00por d
040 _aBR-BrBNA
_bpor
_cBiblioteca Nacional de Agricultura
041 _a(Pt)
072 _aL70
100 1 _aTessália, J.W.
100 1 _aAlbuquerque, V.B. de
100 1 _aOliva, V.N.L. de S.
245 1 _aAnestesia total intravenosa com propofol - Revisão
246 1 _aTotal intravenous anesthesia with propofol - Review
650 _aCÃO
650 _aGATO
650 _aANESTESIA
650 _aVETERINÁRIA
650 _a
650 _a
773 0 _tMEDVEP. Revista Científica de Medicina Veterinária. Pequenos Animais e Animais de Estimação (Brazil)
_xISSN 1678-1430
_g(Oct-Dec 2010), v. 8(27) p. 580-585
_wBR2011008265
909 _a202311
_bLúcia
_c55
_dLúcia Elande
942 _2AGRIS
_n0
_cANA
999 _c216102
_d216102